00405nam a22001457a 4500003000400000005001700004008004100021020002200062040002200084082002000106110003100126245002200157260006100179300001900240OSt20220909160617.0220909b |||||||| |||| 00| 0 eng d a978-90-90322-32-2 cBiblioteca Lado V a700.108bAR784s aArt Spaces and Initiatives aSalticidae Icius/ aAmsterdam, BerlinbThe artists, authors and spacesc2019 a190p.c13x20cm